| 000 | 00921nam a22001577a 4500 | ||
|---|---|---|---|
| 008 | 141208b xxu||||| |||| 00| 0 eng d | ||
| 020 | _a97858753113 | ||
| 082 |
_a708 _bM538g |
||
| 110 |
_aMinisterio de Culturra, Medellín, Colombia _91869 |
||
| 245 |
_aSaber desconocer _bGuia a lo desconocido, 43 Salon (inter) nacional de artistas, Colombia _cMinisterio de Culturra, Medellín, Colombia |
||
| 260 |
_aMedellín, Colombia _bMinisterio de Culturra, Colombia _c2013 |
||
| 300 |
_a358 p. _c21 cm |
||
| 505 |
_tArtistas de la A-Z _tEl 43 Salon nacional de artistas de Medellín _tSaber desconocer, Medellín _tVuelve el salon Medellin _tSaber y desconocer en el mismo salon _tProyecto editorial _tEdificio Antioquia _tMuseo de Antioquia _tCasa del encuentro _tMuseo de arte moderno de medellin _tCuradores |
||
| 650 |
_aArte Contemporaneo _vExhibición _zColombia _91870 |
||
| 710 |
_aMinisterio de Culturra, Medellín, Colombia _91871 |
||
| 999 |
_c393 _d393 |
||